000
00211 a2200097 4500
001
1371
100
_a
Bassin,M.G
245
_a
Statics and strength of materials
260
_a
_b
Mcgrawhill
_c
090
_c
920
_d
920
942
_a
NUST-CAE
_c
M
_c
36045
999
_c
236444
_d
236444